00908 2200301 4500001002100000005001500021035002000036007000300056008004100059020002200100082001500122084001700137100003400154245010000188250002600288300003000314500001100344650002300355504003300378264003300411336002100444337003000465338002300495040002200518090002200540999002200562990002200584INLIS00000000087783220230406104148 a0010-0423000132ta230406t2023 yoi g 1 | ind d a978-602-5586-63-704223a001.42 a001.42 SUW m0 aSuwardi EndraswaraePengarang10aMetodologi penelitian arkeologi sastra :bkonsep, perspektif dan aplikasi /cSuwardi Endraswara aCetakan pertama, 2023 axii, 294 halaman ;c24 cm aIndeks 4aPenelitian, Metode aBibliografi: halaman 263-27231aYogyakarta :bTextium,c2023 2rdacontentateks 2rdamediaatanpa perantara 2rdacarrieravolume aYOPDYOGbinderda aCB-D.11 2023-0211 aCB-D.11/2023-0211 aCB-D.11/2023-0211